Complete mathematics for Cambridge IGCSE. (Record no. 3061)
[ view plain ]
| 000 -LEADER | |
|---|---|
| fixed length control field | 01289nam a2200373 i 4500 |
| 001 - CONTROL NUMBER | |
| control field | 021180597 |
| 003 - CONTROL NUMBER IDENTIFIER | |
| control field | UkOxU |
| 005 - DATE AND TIME OF LATEST TRANSACTION | |
| control field | 20230929112325.0 |
| 008 - FIXED-LENGTH DATA ELEMENTS--GENERAL INFORMATION | |
| fixed length control field | 180313s2018 enka 001|0|eng|d |
| 015 ## - NATIONAL BIBLIOGRAPHY NUMBER | |
| National bibliography number | GBB856110 |
| Source | bnb |
| 016 7# - NATIONAL BIBLIOGRAPHIC AGENCY CONTROL NUMBER | |
| Record control number | 018804978 |
| Source | Uk |
| 020 ## - INTERNATIONAL STANDARD BOOK NUMBER | |
| International Standard Book Number | 9780198425045 |
| Qualifying information | paperback |
| 035 ## - SYSTEM CONTROL NUMBER | |
| System control number | (Uk)018804978 |
| 040 ## - CATALOGING SOURCE | |
| Original cataloging agency | StDuBDS |
| Language of cataloging | eng |
| Description conventions | rda |
| Transcribing agency | StDuBDS |
| Modifying agency | UkOxU |
| -- | KH8 |
| 082 04 - DEWEY DECIMAL CLASSIFICATION NUMBER | |
| Classification number | 510 RAY |
| Edition number | 23 |
| 100 1# - MAIN ENTRY--PERSONAL NAME | |
| Personal name | Rayner, David, |
| Dates associated with a name | 1949 April 23- |
| Relator term | author. |
| 245 10 - TITLE STATEMENT | |
| Title | Complete mathematics for Cambridge IGCSE. |
| Name of part/section of a work | Core / |
| Statement of responsibility, etc. | David Rayner, Ian Bettison, Matthew Taylor. |
| 250 ## - EDITION STATEMENT | |
| Edition statement | Fifth edition. |
| 264 #1 - PRODUCTION, PUBLICATION, DISTRIBUTION, MANUFACTURE, AND COPYRIGHT NOTICE | |
| Place of production, publication, distribution, manufacture | Oxford : |
| Name of producer, publisher, distributor, manufacturer | Oxford University Press, |
| Date of production, publication, distribution, manufacture, or copyright notice | 2018. |
| 264 #4 - PRODUCTION, PUBLICATION, DISTRIBUTION, MANUFACTURE, AND COPYRIGHT NOTICE | |
| Date of production, publication, distribution, manufacture, or copyright notice | ©2018 |
| 300 ## - PHYSICAL DESCRIPTION | |
| Extent | viii, 422 pages : |
| Other physical details | illustrations (colour) ; |
| Dimensions | 25 cm |
| 336 ## - CONTENT TYPE | |
| Content type term | text |
| Source | rdacontent |
| 336 ## - CONTENT TYPE | |
| Content type term | still image |
| Source | rdacontent |
| 337 ## - MEDIA TYPE | |
| Media type term | unmediated |
| Source | rdamedia |
| 338 ## - CARRIER TYPE | |
| Carrier type term | volume |
| Source | rdacarrier |
| 500 ## - GENERAL NOTE | |
| General note | "Oxford excellence for Cambridge IGCSE". |
| 500 ## - GENERAL NOTE | |
| General note | Includes index. |
| 500 ## - GENERAL NOTE | |
| General note | Also issued as part of a pack with Exam success in mathematics : core & extended for Cambridge IGCSE. |
| 500 ## - GENERAL NOTE | |
| General note | Previous edition: 2017. |
| 650 #0 - SUBJECT ADDED ENTRY--TOPICAL TERM | |
| Topical term or geographic name entry element | Mathematics |
| Form subdivision | Problems, exercises, etc. |
| 700 1# - ADDED ENTRY--PERSONAL NAME | |
| Personal name | Bettison, Ian, |
| Relator term | author. |
| 700 1# - ADDED ENTRY--PERSONAL NAME | |
| Personal name | Taylor, Matthew, |
| Relator term | author. |
| 942 ## - ADDED ENTRY ELEMENTS (KOHA) | |
| Source of classification or shelving scheme | |
| Koha item type | Teaching Resources |
| Withdrawn status | Lost status | Source of classification or shelving scheme | Damaged status | Not for loan | Collection code | Permanent Location | Current Location | Shelving location | Date acquired | Full call number | Barcode | Date last seen | Copy number | Price effective from | Koha item type | Total Checkouts | Date last checked out | Date due |
|---|---|---|---|---|---|---|---|---|---|---|---|---|---|---|---|---|---|---|
| Teaching Resources | KH8 Senior School Library | KH8 Senior School Library | Staff Office | 2023-09-29 | 510 RAY | TRKHSL003674 | 2023-09-29 | 1 | 2023-09-29 | Teaching Resources | ||||||||
| Teaching Resources | KH8 Senior School Library | KH8 Senior School Library | Staff Office | 2023-09-29 | 510 RAY | TRKHSL003677 | 2023-09-29 | 4 | 2023-09-29 | Teaching Resources | ||||||||
| Teaching Resources | KH8 Senior School Library | KH8 Senior School Library | Staff Office | 2023-09-29 | 510 RAY | TRKHSL003679 | 2023-09-29 | 6 | 2023-09-29 | Teaching Resources | ||||||||
| Teaching Resources | KH8 Senior School Library | KH8 Senior School Library | Staff Office | 2023-09-29 | 510 RAY | TRKHSL003680 | 2023-09-29 | 7 | 2023-09-29 | Teaching Resources | ||||||||
| Teaching Resources | KH8 Senior School Library | KH8 Senior School Library | Staff Office | 2023-09-29 | 510 RAY | TRKHSL003682 | 2023-09-29 | 9 | 2023-09-29 | Teaching Resources | ||||||||
| Teaching Resources | KH8 Senior School Library | KH8 Senior School Library | Staff Office | 2023-09-29 | 510 RAY | TRKHSL003683 | 2023-09-29 | 10 | 2023-09-29 | Teaching Resources | ||||||||
| Teaching Resources | KH8 Senior School Library | KH8 Senior School Library | Staff Office | 2024-10-25 | 510 RAY | TRKHSL005772 | 2024-10-25 | 11 | 2024-10-25 | Teaching Resources | ||||||||
| Teaching Resources | KH8 Senior School Library | KH8 Senior School Library | Staff Office | 2024-10-25 | 510 RAY | TRKHSL005773 | 2024-10-25 | 12 | 2024-10-25 | Teaching Resources | ||||||||
| Teaching Resources | KH8 Senior School Library | KH8 Senior School Library | Staff Office | 2024-10-25 | 510 RAY | TRKHSL005774 | 2024-10-25 | 13 | 2024-10-25 | Teaching Resources | ||||||||
| Teaching Resources | KH8 Senior School Library | KH8 Senior School Library | Staff Office | 2024-10-25 | 510 RAY | TRKHSL003684 | 2025-05-16 | 14 | 2024-10-25 | Teaching Resources | 1 | 2024-11-13 | ||||||
| Teaching Resources | KH8 Senior School Library | KH8 Senior School Library | Staff Office | 2024-10-25 | 510 RAY | TRKHSL003685 | 2025-06-09 | 15 | 2024-10-25 | Teaching Resources | 1 | 2024-11-13 | ||||||
| Teaching Resources | KH8 Senior School Library | KH8 Senior School Library | Staff Office | 2024-10-25 | 510 RAY | TRKHSL005795 | 2025-08-21 | 16 | 2024-10-25 | Teaching Resources | 2 | 2025-08-21 | 2026-07-03 | |||||
| Teaching Resources | KH8 Senior School Library | KH8 Senior School Library | Staff Office | 2025-06-10 | 510 RAY | TRKHSL003675 | 2025-06-10 | 2025-06-10 | Teaching Resources | |||||||||
| Teaching Resources | KH8 Senior School Library | KH8 Senior School Library | Staff Office | 2025-06-23 | 510 RAY | TRKHSL003681 | 2025-06-23 | 2025-06-23 | Teaching Resources | |||||||||
| Teaching Resources | KH8 Senior School Library | KH8 Senior School Library | Staff Office | 2025-07-11 | 510 RAY | TRKHSL003678 | 2025-07-11 | 2025-07-11 | Teaching Resources | |||||||||
| Teaching Resources | KH8 Senior School Library | KH8 Senior School Library | Staff Office | 2025-07-22 | 510 RAY | TRKHSL006316 | 2025-07-22 | 2025-07-22 | Teaching Resources |